000 00572nam a2200217Ia 4500
005 20250508170156.0
008 008 250505s9999 xx 000 0 eng d
020 _a978-0-367-23770-7
037 _aTextBook
040 _aFEDL
_beng
_cFEDL
041 _aeng
_2eng
084 _a128.2, GEN/R
_qFEDL
100 _aGennaro Rocco J
245 0 _aConsciousness
260 _aLondon, UK
_bRoutledge
_c2017
300 _avii,243p.
365 _aINR
_b13
490 _aNew Problems of Philosophy
942 _cTB
_h128.2, GEN/R
999 _c1399631
_d1399631